000
00218nam a22000977a 4500
999
_c
16263
_d
16263
003
OSt
008
200626b ||||| |||| 00| 0 eng d
100
_a
soni
_9
4652
245
_a
Textbook of Inorganic Chemistry
942
_c
BK